[Event "Niedersachsen-ch op-B"]
[Site "Verden an der Aller"]
[Date "2020.01.05"]
[Round "7"]
[White "Schieble, Johannes"]
[Black "Bartel, Reinhard"]
[Result "1/2-1/2"]
[WhiteElo "1366"]
[BlackElo "1560"]
[PlyCount "63"]
[EventDate "2020.01.02"]
[EventType "swiss"]
[EventRounds "7"]
[EventCountry "GER"]
[SourceTitle "EXT 2023"]
[Source "ChessBase"]
[SourceDate "2022.10.05"]
[SourceVersion "1"]
[SourceVersionDate "2022.10.05"]
[SourceQuality "1"]

1. e4 e5 2. Nf3 Nc6 3. Bc4 Bc5 4. Nc3 d6 5. d3 Bg4 6. h3 Bh5 7. g4 Bg6 8. h4 f6 9. h5 Bf7 10. Bxf7+ Kxf7 11. Nh4 Nge7 12. g5 Rf8 13. g6+ hxg6 14. Nxg6 Nxg6 15. hxg6+ Ke8 16. Rh7 Qd7 17. Bh6 Rg8 18. Nd5 Qh3 19. Bxg7 Qg2 20. Nxc7+ Kd8 21. Bxf6+ Kc8 22. Qh5 Bxf2+ 23. Kd1 Qg1+ 24. Ke2 Nd4+ 25. Kd2 Be3+ 26. Kc3 Bd2+ 27. Kxd2 Qg2+ 28. Kd1 Qf1+ 29. Kd2 Qf2+ 30. Kd1 Qf1+ 31. Kd2 Qf2+ 32. Kd1 1/2-1/2

[Event "Niedersachsen-ch op B"]
[Site "Verden"]
[Date "2018.01.06"]
[Round "6"]
[White "Jaekel, Michael"]
[Black "Schieble, Johannes"]
[Result "1-0"]
[WhiteElo "1733"]
[BlackElo "1432"]
[PlyCount "65"]
[EventDate "2018.01.04"]
[EventType "swiss"]
[EventRounds "7"]
[EventCountry "GER"]
[SourceTitle "EXT 2022"]
[Source "ChessBase"]
[SourceDate "2021.10.06"]
[SourceVersion "1"]
[SourceVersionDate "2021.10.06"]
[SourceQuality "1"]

1. e4 e5 2. Nf3 Nc6 3. Bc4 Bc5 4. d3 Nf6 5. c3 d6 6. Nbd2 0-0 7. b4 Bb6 8. a4 a6 9. h3 Be6 10. 0-0 Nh5 11. Bxe6 fxe6 12. Nc4 Nf4 13. Nxb6 cxb6 14. Bxf4 exf4 15. Qb3 Qe7 16. d4 Kh8 17. Rfe1 e5 18. b5 axb5 19. Qxb5 Qc7 20. Rab1 Ra6 21. Red1 Na7 22. Qb3 Rc8 23. dxe5 dxe5 24. Qe6 Rxa4 25. Nxe5 h6 26. Rd7 Qxc3 27. Nf7+ Kh7 28. Qf5+ Kg8 29. Nxh6+ Kh8 30. Nf7+ Kg8 31. Ng5 Rxe4 32. Qh7+ Kf8 33. Qh8# 1-0

[Event "Niedersachsen-ch op-D"]
[Site "Verden"]
[Date "2017.01.05"]
[Round "2"]
[White "Schulze, Lukas"]
[Black "Schieble, Johannes"]
[Result "1/2-1/2"]
[WhiteElo "1367"]
[BlackElo "1197"]
[PlyCount "75"]
[EventDate "2017.01.05"]
[EventType "swiss"]
[EventRounds "7"]
[EventCountry "GER"]
[SourceTitle "CBM 187 Extra"]
[Source "ChessBase"]
[SourceDate "2018.11.04"]
[SourceVersion "1"]
[SourceVersionDate "2018.11.04"]
[SourceQuality "1"]

1. Nf3 Nc6 2. d4 d5 3. c4 e6 4. g3 Nf6 5. Bg2 Bd7 6. 0-0 Be7 7. Nbd2 0-0 8. Qc2 Nb4 9. Qb1 c5 10. e4 Qb6 11. dxc5 Bxc5 12. Nb3 Nxe4 13. Nxc5 Nxc5 14. Ne5 f6 15. Nxd7 Nxd7 16. a3 Nc6 17. cxd5 exd5 18. Bxd5+ Kh8 19. Rd1 Rad8 20. Be3 Qa5 21. Qe4 Rfe8 22. Qg4 Nde5 23. Qe4 f5 24. Qg2 Rd7 25. f4 Ng4 26. Bd2 Qxd5 27. Qxd5 Rxd5 28. Rac1 Re2 29. Bc3 Rxd1+ 30. Rxd1 Rxh2 31. Rd7 Kg8 32. Rxg7+ Kf8 33. Rxg4 fxg4 34. Kxh2 Kf7 35. Kg2 Ke6 36. Kf2 Kf5 37. Ke3 h6 38. Kd3 1/2-1/2

[Event "Hannover-ch U16"]
[Site "Lehrte"]
[Date "2016.10.02"]
[Round "4"]
[White "Ambrosius, Quint Rasmus"]
[Black "Schieble, Johannes"]
[Result "0-1"]
[WhiteElo "721"]
[BlackElo "1178"]
[PlyCount "40"]
[EventDate "2016.10.01"]
[EventType "tourn"]
[EventRounds "7"]
[EventCountry "GER"]
[SourceTitle "EXT 2020"]
[Source "ChessBase"]
[SourceDate "2019.10.17"]
[SourceVersion "1"]
[SourceVersionDate "2019.10.17"]
[SourceQuality "1"]

1. e4 e5 2. Nf3 Nc6 3. Bc4 Bc5 4. d3 h6 5. Nc3 Nf6 6. 0-0 d6 7. h3 Be6 8. Bxe6 fxe6 9. Be3 Bb6 10. d4 Nd7 11. a3 0-0 12. d5 exd5 13. exd5 Ne7 14. Bxb6 Nxb6 15. Nh4 Nexd5 16. Nxd5 Qxh4 17. Nxc7 Rac8 18. Qxd6 Nc4 19. Qd5+ Kh8 20. Qxc4 Qxc4 0-1

[Event "Niedersachsen-ch op-C"]
[Site "Verden"]
[Date "2016.01.05"]
[Round "5"]
[White "Hoerhold, Tassilo"]
[Black "Schieble, Johannes"]
[Result "0-1"]
[WhiteElo "1126"]
[BlackElo "932"]
[PlyCount "62"]
[EventDate "2016.01.03"]
[EventType "swiss"]
[EventRounds "7"]
[EventCountry "GER"]
[SourceTitle "EXT 2018"]
[Source "ChessBase"]
[SourceDate "2017.10.13"]
[SourceVersion "1"]
[SourceVersionDate "2017.10.13"]
[SourceQuality "1"]

1. e4 e5 2. Bc4 Nf6 3. d3 h6 4. Nf3 Nc6 5. Nc3 Bb4 6. Bd2 d6 7. 0-0 Bg4 8. Bb5 a6 9. Bxc6+ bxc6 10. a3 Bxc3 11. Bxc3 0-0 12. h3 Bh5 13. Re1 Re8 14. d4 exd4 15. Bxd4 Rxe4 16. Rxe4 Nxe4 17. b4 c5 18. bxc5 dxc5 19. Be3 Qf6 20. c4 Rd8 21. Qe1 Bxf3 22. gxf3 Qxf3 23. Qf1 Rd6 24. Rb1 Rg6+ 25. Kh2 f5 26. a4 f4 27. Bxc5 Nxc5 28. Rb8+ Kh7 29. a5 Ne4 30. Re8 Nd2 31. Qe1 Qg2# 0-1

[Event "Niedersachsen-ch op-C"]
[Site "Verden"]
[Date "2016.01.04"]
[Round "4"]
[White "Schieble, Johannes"]
[Black "Schmidt, Ben"]
[Result "0-1"]
[WhiteElo "932"]
[BlackElo "1182"]
[PlyCount "116"]
[EventDate "2016.01.03"]
[EventType "swiss"]
[EventRounds "7"]
[EventCountry "GER"]
[SourceTitle "EXT 2018"]
[Source "ChessBase"]
[SourceDate "2017.10.13"]
[SourceVersion "1"]
[SourceVersionDate "2017.10.13"]
[SourceQuality "1"]

1. e4 d5 2. exd5 Qxd5 3. Nc3 Qa5 4. d4 Nf6 5. Bd2 Nc6 6. Ne4 Qf5 7. Nxf6+ Qxf6 8. Be3 Qd6 9. Nf3 Bg4 10. h3 Bh5 11. Be2 0-0-0 12. 0-0 Bxf3 13. Bxf3 Nxd4 14. Bxd4 Qxd4 15. Qe2 e6 16. Qb5 Qb6 17. Qxb6 axb6 18. a4 c6 19. c3 Be7 20. b4 Kc7 21. a5 Ra8 22. Rfd1 bxa5 23. bxa5 Ra7 24. Ra2 Bf6 25. c4 Rd8 26. Rb1 Rda8 27. Ra3 Rxa5 28. Rab3 Rb8 29. Be4 g6 30. f4 Ra1 31. Rxa1 Bxa1 32. g4 f5 33. gxf5 exf5 34. Bf3 Bf6 35. Re3 Bd4 36. Kf2 Bxe3+ 37. Kxe3 Re8+ 38. Kf2 b5 39. cxb5 cxb5 40. Bd1 b4 41. Kf3 Rd8 42. Ke2 Kb6 43. Bb3 Kc5 44. h4 Rd4 45. Ke3 Re4+ 46. Kf3 Kd4 47. Bc2 Re3+ 48. Kf2 Kc3 49. Bd1 Rd3 50. Bf3 b3 51. h5 b2 52. hxg6 hxg6 53. Kg3 b1Q 54. Kf2 Rd2+ 55. Kg3 Qg1+ 56. Bg2 Rxg2+ 57. Kf3 Rf2+ 58. Ke3 Qe1# 0-1

[Event "Niedersachsen-ch op-C"]
[Site "Verden"]
[Date "2016.01.04"]
[Round "3"]
[White "Schlie, Johann"]
[Black "Schieble, Johannes"]
[Result "1-0"]
[WhiteElo "1204"]
[BlackElo "932"]
[PlyCount "99"]
[EventDate "2016.01.03"]
[EventType "swiss"]
[EventRounds "7"]
[EventCountry "GER"]
[SourceTitle "EXT 2018"]
[Source "ChessBase"]
[SourceDate "2017.10.13"]
[SourceVersion "1"]
[SourceVersionDate "2017.10.13"]
[SourceQuality "1"]

1. d4 d5 2. Nc3 Nf6 3. Bf4 Bf5 4. Nb5 Na6 5. e3 e6 6. Nc3 Nb4 7. Bd3 Bg6 8. a3 Nc6 9. Bb5 Bd6 10. Bxd6 cxd6 11. Nf3 a6 12. Bxc6+ bxc6 13. 0-0 0-0 14. Nh4 e5 15. Nxg6 fxg6 16. Re1 Re8 17. Qd2 e4 18. Qe2 Qd7 19. Na4 Qb7 20. b4 a5 21. Reb1 Reb8 22. c4 Qa6 23. b5 cxb5 24. cxb5 Qc8 25. Rc1 Qd7 26. Rab1 Ra7 27. Rc2 Rc8 28. Rcb2 Rac7 29. Qd1 h6 30. Nb6 Qg4 31. Nxc8 Qxc8 32. b6 Rb7 33. Qc1 Qd8 34. Qc6 Qb8 35. Rc1 Nd7 36. Qc8+ Kh7 37. Qxb8 Rxb8 38. b7 Rf8 39. Rc7 Rd8 40. Rxd7 Rxd7 41. b8Q a4 42. Qc8 Rf7 43. Rb8 g5 44. Qh8+ Kg6 45. Qe8 h5 46. Rb7 g4 47. Qxf7+ Kg5 48. Qxg7+ Kf5 49. Rf7+ Ke6 50. Qf6# 1-0

[Event "Niedersachsen-ch op-B"]
[Site "Verden"]
[Date "2015.01.05"]
[Round "7"]
[White "Brunner, Alexander1111"]
[Black "Schieble, Johannes"]
[Result "1-0"]
[WhiteElo "1213"]
[BlackElo "984"]
[PlyCount "27"]
[EventDate "2015.01.02"]
[EventType "swiss"]
[EventRounds "7"]
[EventCountry "GER"]
[SourceTitle "EXT 2018"]
[Source "ChessBase"]
[SourceDate "2017.10.13"]
[SourceVersion "1"]
[SourceVersionDate "2017.10.13"]
[SourceQuality "1"]

1. e4 e5 2. Nf3 Nc6 3. d4 exd4 4. Nxd4 Nge7 5. Nc3 g6 6. Be3 Bg7 7. Qd2 d5 8. 0-0-0 dxe4 9. Nxe4 Bf5 10. Nxf5 Qxd2+ 11. Rxd2 Nxf5 12. Bc5 b6 13. Ba3 Bh6 14. Nf6# 1-0

[Event "Niedersachsen-ch op-B"]
[Site "Verden"]
[Date "2015.01.03"]
[Round "3"]
[White "Schieble, Johannes"]
[Black "Zweigait, Leon"]
[Result "1-0"]
[WhiteElo "984"]
[BlackElo "857"]
[PlyCount "57"]
[EventDate "2015.01.02"]
[EventType "swiss"]
[EventRounds "7"]
[EventCountry "GER"]
[SourceTitle "EXT 2018"]
[Source "ChessBase"]
[SourceDate "2017.10.13"]
[SourceVersion "1"]
[SourceVersionDate "2017.10.13"]
[SourceQuality "1"]

1. e4 c5 2. c4 e6 3. Nc3 Nc6 4. g3 g6 5. Bg2 Nf6 6. Nge2 e5 7. 0-0 Bg7 8. d3 0-0 9. f4 d6 10. h3 Be6 11. Kh2 Qc7 12. f5 Bd7 13. Nd5 Nxd5 14. cxd5 Nd4 15. Nxd4 cxd4 16. f6 Bh8 17. h4 Qd8 18. Bg5 Re8 19. h5 a6 20. hxg6 hxg6 21. Qd2 Rb8 22. Rf2 Qb6 23. Rh1 Rbc8 24. Kg1 Qc7 25. Rf1 Qb8 26. Bh4 Rc7 27. Qh6 Re6 28. Bg5 Qf8 29. Qxh8# 1-0

[Event "Niedersachsen-ch op-B"]
[Site "Verden"]
[Date "2015.01.02"]
[Round "2"]
[White "Heckl, Philipp"]
[Black "Schieble, Johannes"]
[Result "1-0"]
[WhiteElo "1533"]
[BlackElo "984"]
[PlyCount "119"]
[EventDate "2015.01.02"]
[EventType "swiss"]
[EventRounds "7"]
[EventCountry "GER"]
[SourceTitle "EXT 2018"]
[Source "ChessBase"]
[SourceDate "2017.10.13"]
[SourceVersion "1"]
[SourceVersionDate "2017.10.13"]
[SourceQuality "1"]

1. e4 e5 2. f4 Nc6 3. Nf3 d6 4. Bb5 Bg4 5. 0-0 Nge7 6. d3 g6 7. fxe5 dxe5 8. Qe1 Bg7 9. Nc3 0-0 10. Bg5 h6 11. Qh4 hxg5 12. Qxg4 Bh6 13. a3 Nd4 14. Nxd4 Qxd4+ 15. Kh1 Qb6 16. Rab1 Qe6 17. Qxe6 fxe6 18. Bc4 g4 19. Bxe6+ Kg7 20. Bxg4 Rf4 21. Rxf4 Bxf4 22. g3 Be3 23. Rf1 a5 24. Nb5 c6 25. Nd6 Ng8 26. Nc4 Bc5 27. Nxe5 Bd4 28. Nc4 b5 29. c3 bxc4 30. cxd4 cxd3 31. Rd1 Rb8 32. Rd2 Rb3 33. Be6 Rb8 34. Bxg8 Rxg8 35. Rxd3 Rb8 36. Rd2 Rb3 37. d5 cxd5 38. exd5 Kf7 39. d6 Ke8 40. d7+ Kd8 41. Kg2 Re3 42. h4 Re7 43. Kf3 Rf7+ 44. Kg4 Rg7 45. Kg5 a4 46. Kf6 Rxd7 47. Rxd7+ Kxd7 48. Kxg6 Kc6 49. h5 Kc5 50. h6 Kc4 51. h7 Kb3 52. h8Q Ka2 53. Qa8 Kxb2 54. Qxa4 Ka2 55. Qb4 Ka1 56. a4 Ka2 57. a5 Ka1 58. a6 Ka2 59. a7 Ka1 60. a8Q# 1-0

[Event "Hannover-ch U14"]
[Site "Lehrte"]
[Date "2014.10.25"]
[Round "2"]
[White "Schieble, Johannes"]
[Black "Burger, Jarl"]
[Result "1-0"]
[WhiteElo "921"]
[BlackElo "794"]
[PlyCount "79"]
[EventDate "2014.10.25"]
[EventType "swiss"]
[EventRounds "7"]
[EventCountry "GER"]
[SourceTitle "EXT 2021"]
[Source "ChessBase"]
[SourceDate "2020.10.23"]
[SourceVersion "1"]
[SourceVersionDate "2020.10.23"]
[SourceQuality "1"]

1. e4 e5 2. Nf3 Nc6 3. Bc4 Bc5 4. d3 Nf6 5. Bg5 d6 6. Nc3 h6 7. Bh4 Bg4 8. Nd5 g5 9. Bg3 Nxd5 10. Bxd5 Qd7 11. h3 Bh5 12. c3 0-0-0 13. b4 Bb6 14. a4 a6 15. a5 Ba7 16. b5 Ne7 17. bxa6 bxa6 18. Qb3 Nxd5 19. Qxd5 c6 20. Qc4 Qb7 21. Nd2 Qb5 22. Qa2 Qxd3 23. Nc4 Qxc3+ 24. Kf1 Qd3+ 25. Kg1 Qxe4 26. Qa4 f5 27. Kh2 f4 28. Nxd6+ Rxd6 29. Qxe4 fxg3+ 30. fxg3 Bd4 31. Qf5+ Kc7 32. Rab1 Bg6 33. Qf1 Bxb1 34. Qxb1 Bc3 35. Qb6+ Kd7 36. Qxa6 h5 37. Qb7+ Ke6 38. Qb3+ Ke7 39. Qxc3 e4 40. Qxh8 1-0

[Event "Hannover-ch U12"]
[Site "Lehrte"]
[Date "2013.10.18"]
[Round "6"]
[White "Fricke, Justus Roderic"]
[Black "Schieble, Johannes"]
[Result "1-0"]
[WhiteElo "795"]
[BlackElo "814"]
[PlyCount "135"]
[EventDate "2013.10.17"]
[EventType "swiss"]
[EventRounds "11"]
[EventCountry "GER"]
[SourceTitle "EXT 2021"]
[Source "ChessBase"]
[SourceDate "2020.10.23"]
[SourceVersion "1"]
[SourceVersionDate "2020.10.23"]
[SourceQuality "1"]

1. e4 e5 2. Nf3 Nc6 3. Bb5 d6 4. Nc3 Bg4 5. d3 h6 6. Nd5 Nf6 7. Nxf6+ Qxf6 8. h3 Bh5 9. g4 Bg6 10. g5 hxg5 11. Bxg5 Qe6 12. Bc4 Qd7 13. d4 f6 14. Bh4 Bxe4 15. dxe5 fxe5 16. Qe2 Qf5 17. Rg1 Bxf3 18. Rg5 Bxe2 19. Rxf5 Bxc4 20. Bg5 Rh5 21. h4 Ne7 22. Rf3 Bd5 23. Rd3 0-0-0 24. Bxe7 Bxe7 25. Rxd5 Rxh4 26. Ra5 a6 27. 0-0-0 Bg5+ 28. Kb1 Re8 29. f3 Rd4 30. Rxd4 exd4 31. b3 d3 32. Rxg5 d2 33. Rd5 Re2 34. f4 c6 35. Rxd6 Kc7 36. Rd3 c5 37. f5 Kc6 38. c3 b5 39. Kc2 c4 40. bxc4 bxc4 41. Rxd2 Rxd2+ 42. Kxd2 Kd6 43. Ke3 Ke5 44. a4 Kxf5 45. Kd4 g5 46. Kxc4 g4 47. Kd3 Kf4 48. Ke2 g3 49. Kf1 Kf3 50. c4 g2+ 51. Kg1 Kg3 52. c5 Kf3 53. c6 Kg3 54. c7 Kf3 55. c8Q Kg3 56. Qxa6 Kf3 57. Qc6+ Kf4 58. Kxg2 Kg5 59. Qf3 Kg6 60. Qf4 Kg7 61. Qf5 Kg8 62. Kg3 Kg7 63. Kg4 Kg8 64. Kg5 Kg7 65. Qf6+ Kg8 66. Qe7 Kh8 67. Kg6 Kg8 68. Qg7# 1-0

[Event "Hannover-ch U12"]
[Site "Lehrte"]
[Date "2013.10.17"]
[Round "3"]
[White "Schieble, Johannes"]
[Black "Sereda, Polina"]
[Result "0-1"]
[WhiteElo "814"]
[BlackElo "1102"]
[PlyCount "68"]
[EventDate "2013.10.17"]
[EventType "swiss"]
[EventRounds "11"]
[EventCountry "GER"]
[SourceTitle "EXT 2021"]
[Source "ChessBase"]
[SourceDate "2020.10.23"]
[SourceVersion "1"]
[SourceVersionDate "2020.10.23"]
[SourceQuality "1"]

1. e4 e5 2. Nf3 Nc6 3. Bc4 Be7 4. 0-0 d6 5. h3 Nf6 6. d3 0-0 7. Nc3 Be6 8. Bb3 Nd4 9. Nxd4 exd4 10. Nd5 Bxd5 11. exd5 Qd7 12. Bg5 Qf5 13. Bxf6 Bxf6 14. Re1 Be5 15. c3 Qf4 16. g3 Qf5 17. Kh2 Qxf2+ 18. Kh1 Bxg3 19. Re2 Qf3+ 20. Kg1 Rae8 21. Rg2 Re1+ 22. Qxe1 Bxe1 23. Rxe1 dxc3 24. bxc3 Qxd3 25. Ba4 Qxc3 26. Rge2 Qg3+ 27. Rg2 Qxe1+ 28. Kh2 f5 29. Bb5 Rf6 30. Re2 Qh4 31. Re8+ Kf7 32. a4 Rg6 33. a5 Qf2+ 34. Kh1 Qg2# 0-1

[Event "GER-chT U10"]
[Site "Magdeburg"]
[Date "2012.12.28"]
[Round "5.4"]
[White "Keil, Emil"]
[Black "Schieble, Johannes"]
[Result "0-1"]
[WhiteElo "775"]
[BlackElo "843"]
[PlyCount "68"]
[EventDate "2012.12.27"]
[EventType "team-swiss"]
[EventRounds "7"]
[EventCountry "GER"]
[SourceTitle "EXT 2014"]
[Source "ChessBase"]
[SourceDate "2013.11.20"]
[SourceVersion "1"]
[SourceVersionDate "2013.11.20"]
[SourceQuality "1"]
[WhiteTeam "Erfurt Empor II"]
[BlackTeam "Lehrte"]
[WhiteTeamCountry "GER"]
[BlackTeamCountry "GER"]

1. e4 e6 2. Nc3 Nf6 3. Nf3 Bc5 4. Bc4 d5 5. exd5 exd5 6. Bb3 Qe7+ 7. Ne2 Bg4 8. d4 Bb4+ 9. c3 Bd6 10. Bg5 h6 11. Bh4 0-0 12. Bxd5 c6 13. Bb3 Bxf3 14. gxf3 Bf4 15. Bc4 Nbd7 16. h3 b5 17. Bd3 Nb6 18. Be4 Bg5 19. Bxg5 hxg5 20. Bxc6 Rac8 21. Bxb5 Qb7 22. h4 gxh4 23. Rxh4 Qxf3 24. Ba6 Rc7 25. Rc1 Re8 26. Rc2 Re4 27. Rxe4 Qh1+ 28. Kd2 Nxe4+ 29. Kc1 Qh6+ 30. f4 Rd7 31. Bb5 Rd5 32. Bd3 Nf2 33. Qd2 Qh1+ 34. Ng1 Qxg1+ 0-1

[Event "Hannover-ch U12"]
[Site "Lehrte"]
[Date "2012.10.23"]
[Round "10"]
[White "Albrecht, Dennis"]
[Black "Schieble, Johannes"]
[Result "1/2-1/2"]
[WhiteElo "752"]
[BlackElo "866"]
[PlyCount "34"]
[EventDate "2012.10.20"]
[EventType "swiss"]
[EventRounds "11"]
[EventCountry "GER"]
[SourceTitle "EXT 2021"]
[Source "ChessBase"]
[SourceDate "2020.10.23"]
[SourceVersion "1"]
[SourceVersionDate "2020.10.23"]
[SourceQuality "1"]

1. e4 e5 2. Nf3 Nc6 3. Bb5 d6 4. Nc3 Bg4 5. h3 Bh5 6. d3 Be7 7. Be3 Bh4 8. Qd2 Bxf3 9. gxf3 a6 10. Ba4 Nge7 11. Bg5 Bxg5 12. Qxg5 f6 13. Qxg7 Rg8 14. Qxh7 Rf8 15. 0-0-0 Rf7 16. Qh8+ Rf8 17. Qh5+ Rf7 1/2-1/2

[Event "Hannover-ch U12"]
[Site "Lehrte"]
[Date "2012.10.22"]
[Round "8"]
[White "Schieble, Johannes"]
[Black "Schulze, Lara"]
[Result "0-1"]
[WhiteElo "866"]
[BlackElo "1175"]
[PlyCount "100"]
[EventDate "2012.10.20"]
[EventType "swiss"]
[EventRounds "11"]
[EventCountry "GER"]
[SourceTitle "EXT 2021"]
[Source "ChessBase"]
[SourceDate "2020.10.23"]
[SourceVersion "1"]
[SourceVersionDate "2020.10.23"]
[SourceQuality "1"]

1. e4 e6 2. Nc3 d5 3. exd5 exd5 4. Qe2+ Be6 5. Qb5+ Nd7 6. Bd3 Qg5 7. g3 Qe5+ 8. Be2 d4 9. Qxb7 Rb8 10. Qxa7 dxc3 11. Nf3 cxd2+ 12. Bxd2 Qc5 13. Qa4 Ne7 14. b4 Qc6 15. b5 Qa8 16. Ba5 Nb6 17. Qb4 Nc6 18. Qd2 Qxa5 19. Qxa5 Nxa5 20. 0-0 Bd6 21. Ng5 0-0 22. Bh5 g6 23. Nxe6 fxe6 24. Bf3 Rxf3 25. Kg2 Rc3 26. Rac1 Ba3 27. Rcd1 Rxc2 28. Rfe1 Bc5 29. Rf1 Rxa2 30. Rde1 Kf7 31. Re5 Bd6 32. Re4 Nac4 33. Rfe1 Bc5 34. Rf4+ Ke7 35. Kg1 Bd6 36. Rfe4 Ne5 37. f4 Nf3+ 38. Kf1 Nxe1 39. Rxe1 Bc5 40. g4 Rf2+ 41. Kg1 Rxf4+ 42. Kh1 Rxg4 43. h3 Rh4 44. Kh2 Bd6+ 45. Kg2 Ra8 46. Re2 Ra3 47. Rf2 Raxh3 48. Ra2 Rh2+ 49. Kg1 Rxa2 50. Kf1 Rh1# 0-1

[Event "Hannover-ch U12"]
[Site "Lehrte"]
[Date "2012.10.21"]
[Round "6"]
[White "Stelmaszyk, Nico"]
[Black "Schieble, Johannes"]
[Result "0-1"]
[WhiteElo "773"]
[BlackElo "866"]
[PlyCount "58"]
[EventDate "2012.10.20"]
[EventType "swiss"]
[EventRounds "11"]
[EventCountry "GER"]
[SourceTitle "EXT 2021"]
[Source "ChessBase"]
[SourceDate "2020.10.23"]
[SourceVersion "1"]
[SourceVersionDate "2020.10.23"]
[SourceQuality "1"]

1. e4 e5 2. Nf3 Nc6 3. Bc4 Bc5 4. Nc3 Nf6 5. d3 d6 6. Bg5 Bg4 7. Nd5 Bb4+ 8. c3 Ba5 9. h3 Bxf3 10. Qxf3 Ne7 11. Bxf6 gxf6 12. Qxf6 Rg8 13. Nxe7 Qxe7 14. Qxe7+ Kxe7 15. b4 Bb6 16. a4 Rxg2 17. Rf1 c6 18. a5 Bd8 19. 0-0-0 Ke8 20. b5 Bg5+ 21. Kb2 Be3 22. bxc6 bxc6 23. Ka3 Bxf2 24. Rd2 Bc5+ 25. Ka4 Rxd2 26. Bxf7+ Kd8 27. Rg1 Ke7 28. Bg8 Rb8 29. Bc4 Bxg1 0-1

[Event "Niedersachsen-ch U10"]
[Site "Rotenburg"]
[Date "2012.04.01"]
[Round "2"]
[White "Moenster, Madita"]
[Black "Schieble, Johannes"]
[Result "1-0"]
[WhiteElo "950"]
[BlackElo "787"]
[PlyCount "59"]
[EventDate "2012.03.31"]
[EventType "swiss"]
[EventRounds "11"]
[EventCountry "GER"]
[SourceTitle "EXT 2015"]
[Source "ChessBase"]
[SourceDate "2014.11.20"]
[SourceVersion "1"]
[SourceVersionDate "2014.11.20"]
[SourceQuality "1"]

1. e4 g6 2. d4 Bg7 3. Nf3 d6 4. Nc3 Nf6 5. Bf4 Nc6 6. Bb5 0-0 7. Qd2 a6 8. Bxc6 bxc6 9. 0-0-0 c5 10. dxc5 Qe8 11. h4 a5 12. Rdg1 a4 13. a3 Rb8 14. c6 Qxc6 15. Nd4 Qb6 16. Nxa4 Qa6 17. b3 Nxe4 18. Qe3 d5 19. h5 Qa5 20. Nc6 Qb5 21. Nxb8 Qxb8 22. Bh6 Bxh6 23. Qxh6 Bf5 24. g4 Nf6 25. gxf5 Qa8 26. hxg6 fxg6 27. Rxg6+ Kf7 28. Rg7+ Ke8 29. Qe3 c5 30. Qxe7# 1-0